Library Logo

Pale fire : (Record no. 154757)

000 -LEADER
fixed length control field 00549nam a22002055a 4500
001 - CONTROL NUMBER
control field 3499877
003 - CONTROL NUMBER IDENTIFIER
control field BD-DhUL
005 - DATE AND TIME OF LATEST TRANSACTION
control field 20171220102406.0
008 - FIXED-LENGTH DATA ELEMENTS--GENERAL INFORMATION
fixed length control field 941114s1962 cauc 000 0 eng
040 ## - CATALOGING SOURCE
Original cataloging agency DLC
Transcribing agency DLC
Modifying agency BD-DhUL
082 ## - DEWEY DECIMAL CLASSIFICATION NUMBER
Classification number 891.733
Item number NAP
100 1# - MAIN ENTRY--PERSONAL NAME
Personal name Nabokov, Vladimir.
245 10 - TITLE STATEMENT
Title Pale fire :
Remainder of title a novel /
Statement of responsibility, etc. by Vladimir Nabokov.
260 ## - PUBLICATION, DISTRIBUTION, ETC. (IMPRINT)
Place of publication, distribution, etc. San Francisco :
Name of publisher, distributor, etc. Arion Press,
Date of publication, distribution, etc. c1962.
300 ## - PHYSICAL DESCRIPTION
Extent 284 p. :
Other physical details 1 port. ;
Dimensions 29 cm.
650 #4 - SUBJECT ADDED ENTRY--TOPICAL TERM
Topical term or geographic name as entry element Literature
710 2# - ADDED ENTRY--CORPORATE NAME
Corporate name or jurisdiction name as entry element Arion Press.
710 2# - ADDED ENTRY--CORPORATE NAME
Corporate name or jurisdiction name as entry element Press Collection
942 ## - ADDED ENTRY ELEMENTS (KOHA)
Source of classification or shelving scheme
Koha item type Books
Holdings
Price effective from Date last seen Permanent Location Not for loan Date acquired Source of classification or shelving scheme Koha item type Lost status Withdrawn status Source of acquisition Collection code Damaged status Shelving location Barcode Current Location Full call number
2017-01-242017-01-24Dhaka University Library 2017-01-24 Books  PurchasedNon Fiction General StacksA75967Dhaka University Library891.733 NAP
Last Updated on September 15, 2019
© Dhaka University Library. All Rights Reserved|Staff Login